000 00693nam a2200205Ia 4500
003 GCL
008 140319s9999 xx 000 0 ara d
040 _aGCL /
_cGCL
082 0 4 _aق
_b309.262
_bع م
100 1 _aعاصم محمد رزق عبدالرحمن
245 1 0 _aمراكز الصناعة فى مصر الإسلامية /
_cعاصم محمد رزق عبدالرحمن
260 _a[S.N] :
_bالهيئة المصرية العامة للكتاب ،
_c1989
300 _a407 ص
490 _a
650 0 4 _aمصر
650 0 4 _aالاحوال الاجتماعية
650 0 4 _aالاحوال الاقتصادية
650 0 4 _aالمدن الصناعية
942 _2ddc
_cBK
999 _c57821
_d57821